| 000 | 00342nam a2200145Ia 4500 | ||
|---|---|---|---|
| 005 | 20251222152647.0 | ||
| 008 | 251222s9999||||xx |||||||||||||| ||spa|| | ||
| 020 | _a8423923924 | ||
| 082 | _a862.3/C21 | ||
| 100 | _aCalderon de la Barca, Pedro | ||
| 245 | 0 | _aLa Devoción de la Cruz | |
| 250 | _a1ra. ed. | ||
| 264 | _bEspasa | ||
| 942 | _cLIB | ||
| 999 |
_c28293 _d28293 |
||